000 00455nam a2200181Ia 4500
001 4458
005 20260306145757.0
008 260306t2009||||xx |||||||||||||| ||spa||
041 _aESP
082 _a323
_bD97
100 _aDumont, Jean
_eAUT
245 0 _aEl amanecer de los derechos del hombre:
_bla controversia de Valladolid
260 _c2009
300 _a334 páginas :
_c18 cm.
650 _aGEN
654 _aCHU
942 _cLIB
_dJUS
_fJUS
_2ddc
_n
999 _c4458
_d4458